PVM = parallel virtual machine = a users' guide and tutorial for networked parallel computing

Αποθηκεύτηκε σε:
Λεπτομέρειες βιβλιογραφικής εγγραφής
Άλλοι συγγραφείς: Geist, Al
Μορφή: Βιβλίο
Γλώσσα:English
Δημοσίευση: Cambridge, Mass : MIT Press, c1994
Σειρά:Scientific and engineering computation
Θέματα:
Ετικέτες: Προσθήκη ετικέτας
Δεν υπάρχουν, Καταχωρήστε ετικέτα πρώτοι!

MARC

LEADER 00000nam a2200000 i 4500
001 1/19967
008 010706s1994 eng d
020 |a 0-262-57108-0 
035 |l 10067041 
040 |a GR-MY-UA  |b gre  |e aacr 
041 0 |a eng 
082 0 |a 005.2 
245 1 0 |a PVM =  |b parallel virtual machine = a users' guide and tutorial for networked parallel computing /  |c Al Geist ... [et al.] 
260 |a Cambridge, Mass :   |b MIT Press,   |c c1994 
300 |a xvii, 279 p.;  |b ill.;  |c 23 cm. 
490 1 |a Scientific and engineering computation 
504 |a Includes bibliographical references (p.[275]) and index. 
650 0 0 |a Parallel computers. 
650 0 0 |a Computer networks. 
700 1 |a Geist, Al. 
830 0 |a Scientific and engineering computation 
852 |a INST  |b SAMOS  |e 20010706  |h 005.2 GEI  |p 005300020651  |q 005300020651  |t BK  |y 0 
901 |a BIBL3-2001-2 
909 |a Σ  |b 087052 
922 |a 3ΕΛΗ  |b 200002  |c ΤΠΕΣ/ΠΟΛ  |d LEADER 
970 |a ΜΑΛΑΓΑΡΗ  |b ΦΩΤΕΙΝΗ  |z 2001/07/06